| 000 | 00438nam a2200181Ia 4500 | ||
|---|---|---|---|
| 001 | 3923 | ||
| 005 | 20260306145719.0 | ||
| 008 | 260306t2006||||xx |||||||||||||| ||spa|| | ||
| 041 | _aESP | ||
| 082 |
_a305.4333 _bT17 |
||
| 100 |
_aTalledo Arana, María Isabel _eAUT |
||
| 245 | 0 | _aMujeres en el sistema financiero | |
| 260 | _c2006 | ||
| 300 |
_a173 páginas : _c29 cm. |
||
| 650 | _aGEN | ||
| 654 | _aCHU | ||
| 942 |
_cLIB _dJUS _fJUS _2ddc _n |
||
| 999 |
_c3923 _d3923 |
||